| 000 | 00607nam a2200181 i 4500 | ||
|---|---|---|---|
| 001 | 72631 | ||
| 003 | ES-MaACL | ||
| 005 | 20230906171511.0 | ||
| 007 | t| | ||
| 008 | 040902s1945 xxk ||||1| eng d | ||
| 100 | 1 |
_aGloag, John. _957442 |
|
| 245 | 1 | 0 |
_aPlastics and industrial design / _cby John Gloag ; with a section on the different types of plastic by Grace Lovat Fraser. |
| 250 | _a2nd imp. | ||
| 260 |
_aLondon : _bGeorge Allen and Huwin, _c[1945] ( _fW. S. Cowell) |
||
| 300 |
_a166 p., 48 lám. : _bil. ; _c22 cm. |
||
| 700 | 1 |
_aFraser, Grace Lovat. _952377 |
|
| 852 |
_aES-MaACL _jC-4118 _bR.23785 |
||
| 999 |
_c72631 _d72631 |
||